[Event "Rio de Janeiro Rovedo op"]
[Site "Rio de Janeiro"]
[Date "2008.06.14"]
[Round "1"]
[White "Chauca, Jose Luis Murga"]
[Black "Siqueira, Allan de Sousa"]
[Result "1/2-1/2"]
[WhiteElo "2184"]
[BlackElo "1931"]
[PlyCount "110"]
[EventDate "2008.06.14"]
[EventType "swiss"]
[EventRounds "7"]
[EventCountry "BRA"]
[SourceTitle "EXT 2009"]
[Source "ChessBase"]
[SourceDate "2008.11.26"]
[SourceVersion "1"]
[SourceVersionDate "2008.11.26"]
[SourceQuality "1"]

1. d4 Nf6 2. Nf3 d5 3. g3 g6 4. Bg2 Bg7 5. 0-0 0-0 6. b3 b6 7. Bb2 c5 8. c4 cxd4 9. cxd5 Nxd5 10. Bxd4 Bxd4 11. Nxd4 Bb7 12. e4 Nf6 13. Nc3 Nbd7 14. Qe2 Rc8 15. Rac1 a6 16. Rfd1 e5 17. Nf3 Qe7 18. Nd2 b5 19. Nf1 Qb4 20. Qb2 Rfd8 21. a3 Qe7 22. Ne3 Nb6 23. Rxd8+ Rxd8 24. Rd1 Rd4 25. f3 Qd6 26. Kf2 Bc6 27. Bf1 Kg7 28. Be2 Qc5 29. b4 Qd6 30. Qc2 Bb7 31. Bd3 Qc7 32. Qb2 Bc8 33. Ne2 Na4 34. Qa1 Rd8 35. Bc2 Rxd1 36. Bxd1 Nb6 37. Bb3 Ne8 38. Qc3 Qxc3 39. Nxc3 Nd6 40. a4 Bd7 41. axb5 axb5 42. Ke2 Kf8 43. Kd3 Bc6 44. Ncd5 Nxd5 45. exd5 Bd7 46. Nd1 f6 47. Nc3 f5 48. Ke3 Ke7 49. f4 e4 50. Kd4 h6 51. Bd1 Nc4 52. Be2 Nd6 53. Kc5 g5 54. Bf1 gxf4 55. gxf4 Be8 1/2-1/2